Waxwings, Phainopepla, and Starlings - Statistics

General Stats
  • This quiz has been taken 6 times
  • The average score is 5 of 8
Answer Stats
Picture Answer % Correct
Cedar Waxwing
100%
European Starling
100%
Bohemian Waxwing
80%
Common Myna
60%
Olive Warbler
60%
Phainopepla
60%
Red-Whiskered Bulbul
20%
Hill Myna
0%
No matching quizzes found
Score Distribution
Percent of People with Each Score
Percentile by Number Answered
Your Score History
You have not taken this quiz